|
|
|
|
| LEADER |
00000nam0a2200000 4500 |
| 001 |
191393 |
| 005 |
20231101224342.0 |
| 010 |
|
|
|a 9785930371901
|
| 035 |
|
|
|a (RuTPU)RU\TPU\book\208694
|
| 090 |
|
|
|a 191393
|
| 100 |
|
|
|a 20110204d2011 k y0rusy50 ca
|
| 101 |
0 |
|
|a rus
|
| 102 |
|
|
|a RU
|
| 105 |
|
|
|a a g 001zy
|
| 200 |
1 |
|
|a Справочник электромонтёра по ремонту электрооборудования промышленных предприятий
|f Ю. Д. Сибикин
|
| 210 |
|
|
|a Москва
|c РадиоСофт
|d 2011
|
| 215 |
|
|
|a 256 с.
|c ил.
|
| 320 |
|
|
|a Библиогр.: с. 254-255.
|
| 330 |
|
|
|a В книге приведены справочные сведения по технологии ремонта основного электрооборудования — электрических машин, сварочных трансформаторов, электромагнитов, масляных силовых трансформаторов, пускорегулирующих аппаратов и силовых кабелей, а также материалов, изделий, механизмов и инструментов, применяемых при ремонте. Даны нормы пооперационных и послеремонтных испытаний, различные нормативные материалы, относящиеся к технологии ремонта электрооборудования. Справочник предназначен для учащихся и инженерно-педагогических работников учебных заведений профтехобразования, подготавливающих рабочих электротехнических профессий. Со всеми предложениями и замечаниями просим обращаться по адресу: 109125 Москва, Саратовская ул. 6/2, ИП «РадиоСофт».
|
| 606 |
1 |
|
|a Электрооборудование промышленных предприятий
|x Ремонт
|2 stltpush
|3 (RuTPU)RU\TPU\subj\20618
|9 45711
|
| 610 |
1 |
|
|a электрическое оборудование
|
| 610 |
1 |
|
|a наладка
|
| 610 |
1 |
|
|a промышленные предприятия
|
| 610 |
1 |
|
|a трансформаторы
|
| 610 |
1 |
|
|a электрические машины
|
| 610 |
1 |
|
|a электромагниты
|
| 610 |
1 |
|
|a справочники
|
| 675 |
|
|
|a 621.31.004:658(035)
|v 3
|
| 700 |
|
1 |
|a Сибикин
|b Ю. Д.
|g Юрий Дмитриевич
|
| 801 |
|
1 |
|a RU
|b 63413507
|c 20110204
|
| 801 |
|
2 |
|a RU
|b 63413507
|c 20150605
|g RCR
|
| 942 |
|
|
|c BK
|
| 959 |
|
|
|a 20/20110204
|d 2
|e 150,00
|f УФ:1
|f ЧЗТЛ:1
|